Statistics for General Knowledge Quiz About the UK.

Click here to take the quiz!

General Stats

  • This quiz has been taken 105 times
    (84 since last reset)
  • The average score is 15 of 25

Answer Stats

QuestionAnswer% Correct
What three meat based foods would you find in a traditional full English breakfast?Sausages
97%
What three meat based foods would you find in a traditional full English breakfast?Bacon
94%
What is the minimum age you must be to purchase alcohol in the UK?18
93%
Which is the 2nd biggest city in Scotland by population?Edinburgh
93%
Little Britain was a comedy sketch show written and performed by which two comedians?David Walliams
81%
What three meat based foods would you find in a traditional full English breakfast?Black Pudding
75%
Which three mountains would you climb if you took the Three Peaks Challenge?Ben Nevis
73%
Who was the first Tudor King of England?Henry 7
72%
When is Boxing Day?26th December
67%
Which midlands town is the birthplace of William Shakespeare?Stratford Upon Avon
67%
The Grand National takes place at which racecourse?Aintree
66%
Matt Lucas
64%
How many points would you score in cricket if you hit the ball over the boundary without it bouncing first?6
63%
Nadia Hussain won which TV programme?Great British Bake Off
61%
What’s the modern name of the town the Romans called Aquae Sulis?Bath
57%
Which three mountains would you climb if you took the Three Peaks Challenge?Snowdon
57%
What does the acronym BBC stand for?British Broadcasting Corporation
54%
At which historic site would you see the ceremony of keys?The Tower of London
54%
Historically, why did people run away to Gretna Green?To get married
54%
Which natural wonder, formed by volcanic activity, starts in County Antrim?The Giant's Causeway
48%
In which city would you find the Principality Stadium?Cardiff
40%
Which three mountains would you climb if you took the Three Peaks Challenge?Scafell Pike
27%
Which featherweight boxing champion was born in County Monaghan in 1961?Barry McGuigan
21%
Who was the prime minister at the start of World War 1?Asquith
12%
What Welsh delicacy is made from seaweed?Laverbread
10%

Score Distribution

Percentile by Number Answered

Percent of People with Each Score

Your Score History

You have not taken this quiz since the last reset